Kỹ thuật điện tử

সংরক্ষণ করুন:
গ্রন্থ-পঞ্জীর বিবরন
প্রধান লেখক: Nguyễn Vũ Sơn
বিন্যাস: গ্রন্থ
ভাষা:Undetermined
প্রকাশিত: Hà Nội ĐH và THCN 1992
বিষয়গুলি:
ট্যাগগুলো: ট্যাগ যুক্ত করুন
কোনো ট্যাগ নেই, প্রথমজন হিসাবে ট্যাগ করুন!
Thư viện lưu trữ: Trung tâm Học liệu Trường Đại học Cần Thơ
LEADER 00465nam a2200169Ia 4500
001 CTU_2367
008 210402s9999 xx 000 0 und d
082 |a 621.381 
082 |b S464/1992 
100 |a Nguyễn Vũ Sơn 
245 0 |a Kỹ thuật điện tử 
245 0 |c Nguyễn Vũ Sơn 
260 |a Hà Nội 
260 |b ĐH và THCN 
260 |c 1992 
650 |a electronics 
980 |a Trung tâm Học liệu Trường Đại học Cần Thơ